000 00917nas a2200313 4500
001 BR0202328
003 BR-BrBNA
005 20231205102928.0
007 ta
008 230509b bl.|||p| |||| 00| 00por d
040 _aBR-BrBNA
_bpor
_cBiblioteca Nacional de Agricultura
041 _a(Pt)
072 _aE71; E72
100 1 _aAccarini, J.H.
100 1 _aMazocato, M.A.
100 1 _aCosta, O.G.P. da
100 1 _aLuengo, R. de F.A.
245 1 _aOs obstáculos internos e externos representam vicissitudes a serem vencidas pela olericultura brasileira
650 _aHORTALIÇA
650 _aFRUTA
650 _aFRANGO
650 _aCOMÉRCIO INTERNO
650 _aCOMÉRCIO EXTERIOR
650 _aCONSUMO
650 _aCUSTO
773 0 _tAgroanalysis (Brazil)
_xISSN 0100-4298
_g(Feb 2000), v. 20(2) p. 32-36
_wBR0202328
909 _a202311
_bLúcia
_c55
_dLúcia Elande
942 _2AGRIS
_n0
_cANA
999 _c170118
_d170118